000 00262 a2200133 4500
001 64430
040 _cAnchieta - Pituba
240 1 0 _aPráxis e devir
_lpor
245 1 0 _aPráxis e devir
300 _a97
362 0 _a2006
650 4 _aEducação
942 _cBK
999 _c64430
_d64430